000
00311nam a22001337a 4500
003
SGT
082
_a
340,AGA
100
_a
AGARWAL, VONOD K.
245
_a
SOME PROBLEMS OF MONOPOLY AND COMPANY
260
_a
BOMBAY
_b
N.M.TRIPTHI PRIVATE L.T.D.
_c
1972
300
_a
247
650
_a
LAW BOOKS
942
_2
ddc
_c
BK
999
_c
10246
_d
10246